000
00269nam a22001097a 4500
082
_a
621.382 BRO'T
100
_a
BROWN, J,GLAZIER, E. V. D
_9
79134
245
_a
TELECOMMUNICATIONSTHE GENERAL PRINCIPLES
260
_a
LONDON
_b
ELBS
_c
1964
300
_a
380P
942
_c
BK
999
_c
584199
_d
584199